Ovejería de hierro. Ensayo fotográfico

Saved in:
Bibliographic Details
Main Author: García Ruiz, Alex R (Author)
Other Authors: Muñoz Sougarret, Jorge Ernesto (autor)
Format: Book
Language:Spanish
Published: Osorno Printus 2006
Subjects:
Tags: Add Tag
No Tags, Be the first to tag this record!

MARC

LEADER 00000nam a2200000 a 4500
001 UCI3093
003 CL-VaPUC
008 071012e20060000CL |||||||||||||||||spa|d
082 0 4 |a 770.2  |b GAR  |2 21 
100 0 |a García Ruiz, Alex R  |e author  |9 524480 
700 |a Muñoz Sougarret, Jorge Ernesto  |e autor  |9 562936 
245 1 0 |a Ovejería de hierro. Ensayo fotográfico 
300 |a 139 p 
942 |c BK 
945 |d 20071012 00:00:00  |a rbrito 
260 |a Osorno  |b Printus  |c 2006 
650 0 |a Fotografía  |9 268495 
650 0 |a Fotografías  |9 268494 
650 0 |a Materiales audiovisuales  |9 524482 
650 0 |a Ferrocarriles  |9 260933 
650 0 |a Investigación social   |9 307814 
651 0 |a Osorno  |9 268936 
583 |a last modification  |c 20071012 00:00:00  |k Rodrigo Vera 
999 |c 327487  |d 327485 
952 |0 0  |1 0  |4 0  |6 770_200000000000000_GAR_2006  |7 0  |8 A  |9 410347  |a BIBARQ  |b BIBARQ  |d 2019-11-22  |i 4375602  |o 770.2 GAR 2006  |p 4375602  |r 2025-01-20  |w 2019-11-22  |y BK  |k ARQ